| 000 | 00710nam a2200217 i 4500 | ||
|---|---|---|---|
| 001 | 181094 | ||
| 003 | ES-MaACL | ||
| 005 | 20231008163635.0 | ||
| 008 | 121016s2012 sp a | |||||||| |dspa d | ||
| 020 | _a978-84-9946-178-6 | ||
| 080 | _a821.134.2-94"19" | ||
| 100 | 1 |
_aMayoral, José-Luis. _979421 |
|
| 245 | 1 | 0 |
_aDerroteros / _cJosé Luis Mayoral. |
| 250 | _a1ª ed. | ||
| 260 |
_aMadrid : _bEdición Personal, _c2012. |
||
| 300 |
_a383 p. : _bil. ; _c24 cm. |
||
| 852 |
_aES-MaACL _jA-12312 _9187977 _bR.148833 _cDEPO1 _dOlim: N-5317 _zDedicatoria autógrafa del autor _xDonación: José Luis Mayoral |
||
| 903 |
_979421 _aMayoral, José-Luis _ednr |
||
| 942 |
_2udc _cMONOGRAFIA |
||
| 999 |
_c181094 _d181094 |
||